<?xml version="1.0" encoding="UTF-8"?>
<record
    xmlns:xsi="http://www.w3.org/2001/XMLSchema-instance"
    xsi:schemaLocation="http://www.loc.gov/MARC21/slim http://www.loc.gov/standards/marcxml/schema/MARC21slim.xsd"
    xmlns="http://www.loc.gov/MARC21/slim">

  <leader>01112nam0a2200301   4500</leader>
  <controlfield tag="001">RU\NLR\ONL2\3781</controlfield>
  <controlfield tag="005">20250613125100.0</controlfield>
  <datafield tag="010" ind1=" " ind2=" ">
    <subfield code="a">5-295-03458-5</subfield>
    <subfield code="9">2500</subfield>
  </datafield>
  <datafield tag="035" ind1=" " ind2=" ">
    <subfield code="a">(NLR Aleph) 009651379</subfield>
  </datafield>
  <datafield tag="090" ind1=" " ind2=" ">
    <subfield code="a">9573572</subfield>
    <subfield code="c">9573572</subfield>
  </datafield>
  <datafield tag="100" ind1=" " ind2=" ">
    <subfield code="a">20050902d2004    |||y0rusy50      ca</subfield>
  </datafield>
  <datafield tag="101" ind1="0" ind2=" ">
    <subfield code="a">bak</subfield>
  </datafield>
  <datafield tag="102" ind1=" " ind2=" ">
    <subfield code="a">RU</subfield>
  </datafield>
  <datafield tag="105" ind1=" " ind2=" ">
    <subfield code="a">c |||||||||</subfield>
  </datafield>
  <datafield tag="200" ind1="1" ind2=" ">
    <subfield code="a">&#x418;&#x440;&#x44D;&#x43C;&#x44D;&#x43B;&#x434;&#x44D; - &#x430;&#x43B;&#x442;&#x44B;&#x43D; &#x442;&#x430;&#x43C;&#x44B;&#x440;</subfield>
    <subfield code="e">&#x428;&#x438;&#x433;&#x44B;&#x440;&#x437;&#x430;&#x440;, &#x442;&#x44D;&#x440;&#x436;&#x435;&#x43C;&#x44D;&#x43B;&#x44D;&#x440;, &#x439;&#x44B;&#x440;&#x437;&#x430;&#x440;, &#x43A;&#x443;&#x43D;&#x435;&#x43B;&#x43D;&#x430;&#x43C;&#x44D;</subfield>
    <subfield code="f">&#x413;&#x443;&#x437;&#x44D;&#x43B; F&#x44D;&#x43B;&#x438;&#x435;&#x432;&#x430;</subfield>
  </datafield>
  <datafield tag="210" ind1=" " ind2=" ">
    <subfield code="a">&#x41E;&#x444;&#x43E;</subfield>
    <subfield code="c">&#x41A;&#x438;&#x442;&#x430;&#x43F;</subfield>
    <subfield code="d">2004</subfield>
  </datafield>
  <datafield tag="215" ind1=" " ind2=" ">
    <subfield code="a">198 &#x431;.</subfield>
    <subfield code="c">&#x43F;&#x43E;&#x440;&#x442;&#x440;.</subfield>
    <subfield code="d">17</subfield>
  </datafield>
  <datafield tag="541" ind1="1" ind2=" ">
    <subfield code="6">z01790</subfield>
    <subfield code="a">&#x417;&#x43E;&#x43B;&#x43E;&#x442;&#x43E;&#x439; &#x43A;&#x43E;&#x440;&#x435;&#x43D;&#x44C; &#x418;&#x440;&#x435;&#x43C;&#x435;&#x43B;&#x44F;</subfield>
    <subfield code="e">&#x421;&#x442;&#x438;&#x445;&#x438;, &#x43F;&#x435;&#x440;&#x435;&#x432;&#x43E;&#x434;&#x44B;, &#x43F;&#x435;&#x441;&#x43D;&#x438;, &#x43F;&#x43E;&#x44D;&#x43C;&#x430;.</subfield>
    <subfield code="z">rus</subfield>
  </datafield>
  <datafield tag="686" ind1="1" ind2=" ">
    <subfield code="a">&#x428;6(2=&#x411;&#x430;&#x448;)7-5</subfield>
  </datafield>
  <datafield tag="700" ind1=" " ind2="1">
    <subfield code="a">F&#x44D;&#x43B;&#x438;&#x435;&#x432;&#x430;</subfield>
    <subfield code="b">&#x413;. &#x413;.</subfield>
    <subfield code="g">&#x413;&#x443;&#x437;&#x44D;&#x43B; F&#x430;&#x431;&#x434;&#x443;&#x43B;&#x43B;&#x430;&#x436;&#x430;&#x43D; k&#x44B;&#x437;&#x44B;</subfield>
    <subfield code="4">070</subfield>
  </datafield>
  <datafield tag="790" ind1=" " ind2="1">
    <subfield code="6">z01541</subfield>
    <subfield code="a">&#x413;&#x430;&#x43B;&#x435;&#x435;&#x432;&#x430;</subfield>
    <subfield code="b">&#x413;. &#x413;.</subfield>
    <subfield code="g">&#x413;&#x443;&#x437;&#x435;&#x43B;&#x44C; &#x413;&#x430;&#x431;&#x434;&#x443;&#x43B;&#x43B;&#x430;&#x436;&#x430;&#x43D;&#x43E;&#x432;&#x43D;&#x430;</subfield>
    <subfield code="4">070</subfield>
  </datafield>
  <datafield tag="801" ind1=" " ind2="0">
    <subfield code="a">RU</subfield>
    <subfield code="b">NLR</subfield>
    <subfield code="c">20050902</subfield>
    <subfield code="g">PSBO</subfield>
  </datafield>
  <datafield tag="852" ind1=" " ind2=" ">
    <subfield code="a">NLR</subfield>
    <subfield code="b">&#x41E;&#x41D;&#x41B;</subfield>
    <subfield code="j">&#x411;&#x430;&#x448;&#x43A;./2-4374</subfield>
  </datafield>
  <datafield tag="942" ind1=" " ind2=" ">
    <subfield code="c">BOOK</subfield>
  </datafield>
  <datafield tag="980" ind1=" " ind2=" ">
    <subfield code="a">NB</subfield>
  </datafield>
  <datafield tag="980" ind1=" " ind2=" ">
    <subfield code="a">ONL_RF</subfield>
  </datafield>
  <datafield tag="995" ind1=" " ind2=" ">
    <subfield code="5">2013-10-26</subfield>
    <subfield code="b">NLR01</subfield>
    <subfield code="c">NLR01</subfield>
    <subfield code="e">ONL</subfield>
    <subfield code="f">9651379-10</subfield>
    <subfield code="k">&#x411;&#x430;&#x448;&#x43A;./2-4374</subfield>
    <subfield code="o">0</subfield>
    <subfield code="r">BOOK</subfield>
    <subfield code="s">24374_</subfield>
  </datafield>
</record>
